Reciclado de pavimentos flexibles. Estudio del proyecto demostrativo de reciclado de pavimentos en la autopista San José-San Ramón
Enregistré dans:
| Auteur principal: | |
|---|---|
| Format: | Livre |
| Publié: |
[San José , Costa Rica]
1985
|
| Sujets: | |
| Tags: |
Ajouter un tag
Pas de tags, Soyez le premier à ajouter un tag!
|
MARC
| LEADER | 00000nam a2200000Ia 4500 | ||
|---|---|---|---|
| 003 | 002951 | ||
| 005 | 20221231144401.0 | ||
| 008 | 140114s1985 cr a m 000 ||s d | ||
| 040 | |c cru CEDI | ||
| 090 | |a TFG 1716 | ||
| 100 | |a Castro Vega, Marta |9 14466 | ||
| 245 | |a Reciclado de pavimentos flexibles. Estudio del proyecto demostrativo de reciclado de pavimentos en la autopista San José-San Ramón | ||
| 260 | |c 1985 |a [San José , Costa Rica] | ||
| 300 | |a iii, [140] hojas : ilustraciones ; | ||
| 500 | |a Proyecto de graduación (ingeniería civil)-- Universidad de Costa Rica. Escuela de Ingeniería Civil | ||
| 650 | |x CARRETERAS - MANTENIMIENTO Y REPARACION |x PAVIMENTOS |9 4852 | ||
| 942 | |c TFG |2 ddc | ||
| 999 | |c 21065 |d 21065 | ||
